000 00690nam a22002297a 4500
005 20170124105943.0
010 _aB-222341
020 _c650.00
_a8172732929
035 _aB-222341
037 _bCen Lib/Ret
040 _aDPL
_bEN
082 _a320.95496
_bMIS
100 _aMishra, Navin
_911755
245 _aNepal :
_cby Navin Mishra
_bdemocracy in transition /
260 _aDelhi
_bAuthorpress
_c2006
270 _bDelhi
_aE-35/103, Jawahar Park, Laxmi Nagar
_e110092
300 _avii,295p.
_c22cm(Hb)
500 _aIncludes index
650 _aDemocracy
_zNepal
_911756
650 _aPolitical development
_zNepal
_911757
942 _2ddc
_cEN
_h320.95496
_mMIS
999 _c124726
_d124726